Tennyson's poetry : (Record no. 2005)
[ view plain ]
| 000 -LEADER | |
|---|---|
| fixed length control field | 00787cam a2200217 4500 |
| 001 - CONTROL NUMBER | |
| control field | 2513 |
| 005 - DATE AND TIME OF LATEST TRANSACTION | |
| control field | 20181127165230.0 |
| 008 - FIXED-LENGTH DATA ELEMENTS--GENERAL INFORMATION | |
| fixed length control field | 980415s1999 nyu b 001 0 eng |
| 010 ## - LIBRARY OF CONGRESS CONTROL NUMBER | |
| LC control number | 98021561 |
| 020 ## - INTERNATIONAL STANDARD BOOK NUMBER | |
| International Standard Book Number | 0393972798 (pbk.) |
| 100 1# - MAIN ENTRY--PERSONAL NAME | |
| Personal name | Tennyson, Alfred Tennyson, |
| Titles and words associated with a name | Baron, |
| Dates associated with a name | 1809-1892. |
| 240 10 - UNIFORM TITLE | |
| Uniform title | Poems. |
| Form subheading | Selections |
| 245 00 - TITLE STATEMENT | |
| Title | Tennyson's poetry : |
| Remainder of title | authoritative texts, contexts, criticism / |
| Statement of responsibility, etc. | selected and edited by Robert W. Hill, Jr. |
| 250 ## - EDITION STATEMENT | |
| Edition statement | 2nd ed. |
| 260 ## - PUBLICATION, DISTRIBUTION, ETC. | |
| Place of publication, distribution, etc. | New York : |
| Name of publisher, distributor, etc. | W.W. Norton, |
| Date of publication, distribution, etc. | c1999. |
| 300 ## - PHYSICAL DESCRIPTION | |
| Extent | xi, 703 p. ; |
| Dimensions | 24 cm. |
| 490 0# - SERIES STATEMENT | |
| Series statement | A Norton critical edition |
| 504 ## - BIBLIOGRAPHY, ETC. NOTE | |
| Bibliography, etc. note | Includes bibliographical references (p. 699-700) and index. |
| 600 10 - SUBJECT ADDED ENTRY--PERSONAL NAME | |
| Personal name | Tennyson, Alfred Tennyson, |
| Titles and other words associated with a name | Baron, |
| Dates associated with a name | 1809-1892 |
| General subdivision | Criticism and interpretation. |
| 700 1# - ADDED ENTRY--PERSONAL NAME | |
| Personal name | Hill, Robert W. |
| Withdrawn status | Lost status | Source of classification or shelving scheme | Damaged status | Not for loan | Collection code | Home library | Current library | Shelving location | Date acquired | Cost, normal purchase price | Serial Enumeration / chronology | Inventory number | Full call number | Barcode | Date last seen | Price effective from | Koha item type |
|---|---|---|---|---|---|---|---|---|---|---|---|---|---|---|---|---|---|
| Dewey Decimal Classification | Main TEST | RTC Library | RTC Library | Main opac | 15/04/2022 | 495.00 | 2253 | 821.8 TEN | 30002085 | 08/03/2024 | 27/11/2018 | Main |